000 00773nam a22002537a 4500
999 _c4224
_d4224
003 AR-CdUCM
008 190308b ||||| |||| 00| 0 spa d
020 _a968-16-1713-4
040 _aMUNICIPALIDAD PROVINCIAL DEL CUSCO
_cBIBLIOTECA MUNICIPAL DEL CUSCO
082 _a869.1 /
_bY28
100 _aYañez, Agustín
_91280
245 _aLa Creación /
260 _aMexico :
_bFondo Cultural Economico,
_c1959.
300 _a309 paginas ;
_c21cm.
440 _aLecturas Mexicanas
_n48
_913370
500 _aRevolución Mexicana
505 _aContenido: Andante -- Creciente -- Galopante -- Vehemente
650 _aRevolución Indigena
_913371
650 _aMexico
_918
650 _aLiteratura
_983
650 _aHistoria
_9136
942 _2ddc
_cLIBROS
945 _apjha